Liedtext - Zeit - Rammstein - Statistiken

Allgemein
  • Dieses Quiz wurde 284 mal gespielt
    272 seit der letzten Aktualisierung
  • Das Durchschnittsergebnis liegt bei 140 aus 204
Antwortstatistiken
Textquiz % Korrekt
Zeit
98%
bleib
90%
so
88%
So
88%
steh'n
88%
Bitte
86%
es
85%
Es
85%
im
85%
soll
84%
der
83%
immer
83%
weiter
83%
ist
82%
geh'n
80%
stеh'n
80%
Wir
80%
wir
80%
nicht
79%
schon
78%
Schon
78%
schön
78%
den
77%
Den
77%
Das
75%
doch
73%
Doch
73%
uns
73%
die
72%
sind
72%
Ich
71%
ich
71%
man
71%
Ein
70%
Moment
70%
in
67%
zu
67%
kennt
66%
kein
65%
leben
65%
perfekt
65%
sehen
65%
jeder
64%
wird
64%
Am
63%
am
63%
Manches
63%
manches
63%
weitergeh'n
63%
blind
62%
ohne
62%
perfekten
62%
sollte
62%
Tod
62%
Nach
60%
sterben
60%
Sterben
60%
Aus
59%
bis
59%
noch
58%
Wenn
58%
geben
57%
Licht
57%
Schatten
57%
Fluss
56%
werfen
56%
bin
55%
dann
54%
Ende
54%
Keine
54%
vorbei
54%
vorher
54%
bleiben
53%
Dem
53%
Not
53%
Jugend
52%
bereit
51%
lebend
51%
Gefangen
50%
nur
50%
entgegen
49%
kann
49%
läuft
49%
unsre
49%
gekommen
48%
sein
48%
vorwärts
48%
Erbarmen
47%
streben
47%
für
46%
Ufer
46%
Unendlichkeit
46%
schönsten
45%
Uhren
44%
und
44%
verweile
44%
wenn's
44%
Augenblick
43%
treiben
41%
Aufhör'n
40%
hier
40%
winkt
40%
Rast
39%
bald
38%
deinen
38%
könnt
38%
Ach
36%
keinen
36%
liege
36%
Armen
35%
kalt
35%
Körper
35%
Warmer
35%
Zukunft
35%
beschwör'n
32%
Aufenthalt
30%
Duldet
30%
sogleich
27%
zerstör'n
27%
Erschaffen
25%
Keine übereinstimmenden Quizze gefunden
Verteilung der Resultate
Anzahl Personen mit jedem Resultat
Perzentil nach korrekt beantworteten Fragen
Ihre Resultats-Entwicklung
Sie haben dieses Quiz seit der letzten Aktualisierung nicht gespielt